Normal view
MARC view
- Díez-Canedo, Enrique,
Entry Nombre Personal
001 - NUMERO DE CONTROL
- campo de control: 51008
003 - IDENTIFICADOR DE NUMERO DE CONTROL
- campo de control: DLC
005 - FECHA Y HORA DE LA ÜLTIMA TRANSACCIÓN
- campo de control: 20240213084010.0
008 - DATOS DE LONGITUD FIJA
- campo de control de longitud fija: 851025n| acannaabn || aaa
010 ## - NÚMERO DE CONTROL DE LA BIBLIOTECA DEL CONGRESO
- Número de control LC: n 85230753
035 ## - NUMERO DE CONTROL
- Número de control: (OCoLC)oca01510187
040 ## - FUENTE DE CATALOGACIÓN
- Agencia original de catalogación: DLC
- Lenguaje de catalogación: eng
- Agencia de transcripción: DLC
- Agencia que lo modifica: DLC
- Agencia que lo modifica: OCoLC
- Agencia que lo modifica: MX-MxUPN
053 #0 - NÚMERO DE CLASIFICACIÓN LC
- Número de clasificación elemento-número único o número inicial de tramo: PQ6607 I38
100 1# - ENCABEZAMIENTO - NOMBRE PERSONAL
- Nombre personal: Díez-Canedo, Enrique,
- Fechas asociadas con el nombre: 1879-1944
670 ## - FUENTE EN LA QUE SE LOCALIZARON DATOS
- Cita de la fuente: Letras de América, 1983:
- Información localizada: portada (Enrique Díez-Canedo)
670 ## - FUENTE EN LA QUE SE LOCALIZARON DATOS
- Cita de la fuente: LC data base, 10/22/85
- Información localizada: (hdg.: Díez-Canedo, Enrique, 1879-1944)
670 ## - FUENTE EN LA QUE SE LOCALIZARON DATOS
- Cita de la fuente: Artículos de crítica teatral :‡bel teatro español de 1914 a 1936, 1968:
- Información localizada: portada (Enrique Díez Canedo)
902 ## - CATALOGADOR
- Catalogador: Víctor Ruiz/130224
